Principles of biostatistics (Record no. 43124)

MARC details
000 -LEADER
fixed length control field 00654nam a2200217 a 4500
005 - DATE AND TIME OF LATEST TRANSACTION
control field 200902210153555.7
008 - FIXED-LENGTH DATA ELEMENTS--GENERAL INFORMATION
fixed length control field 960221s1955 dcuabcdjdbkoqu001 0deng d
080 ## - UNIVERSAL DECIMAL CLASSIFICATION NUMBER
Universal Decimal Classification number 57.087.1
Item number PAG
100 ## - MAIN ENTRY--PERSONAL NAME
Personal name Pagano, Marcello
245 ## - TITLE STATEMENT
Title Principles of biostatistics
300 ## - PHYSICAL DESCRIPTION
Extent xvi,525p.
653 ## - INDEX TERM--UNCONTROLLED
Uncontrolled term Biometry
-- Biostatistics
700 ## - ADDED ENTRY--PERSONAL NAME
Personal name Gauvreau, Kimberlee
942 ## - ADDED ENTRY ELEMENTS (KOHA)
item type Books
260 ## - PUBLICATION, DISTRIBUTION, ETC. (IMPRINT)
Place of publication, distribution, etc U.K.
Name of publisher, distributor, etc Duxbury
Date of publication, distribution, etc 2000
500 ## - GENERAL NOTE
General note
250 ## - EDITION STATEMENT
Edition statement 2nd ed
020 ## - INTERNATIONAL STANDARD BOOK NUMBER
International Standard Book Number 0-534-22902-6
260 ## - PUBLICATION, DISTRIBUTION, ETC. (IMPRINT)
-- 21250
003 - CONTROL NUMBER IDENTIFIER
control field ViArRB
Holdings
Lost status Source of classification or shelving scheme Not for loan Home library Current library Date acquired Total Checkouts Total Renewals Full call number Barcode Date last seen Date checked out Price effective from Koha item type
  Universal Decimal Classification   University Library University Library 16/06/2010 13 2 57.087.1 PAG 00047734 29/10/2019 23/10/2019 16/06/2010 Books
University Library, CUSAT